Представление документа в формате MARC21

Поле Инд. ПП Название Значение
Тип записи a
Библиографический уровень a
001 Контрольный номер 1b2e31e40a8447ecae4dd7f52fc903d0
005 Дата корректировки 20250526112004.6
020 a ISBN 978-5-8055-0403-8
040 a Служба первич. каталог. НБ ТвГУ
b Код языка каталог. rus
e Правила каталог. PSBO
041 0_ a Код языка текста rus
097 b Оператор Komarova.ES
100 1_ a Автор Поль Д.
245 10 a Заглавие The Second World War in German Historiography
260 a Место издания Москва
b Издательство Центр гуманитарных инициатив
440 _0 a Серия Historia Rossica
520 0_ a Аннотация Статья посвящена Второй мировой войне в немецкой историографии.
653 0_ a Ключевые слова Немецкая историография
a Ключевые слова Вторая мировая война
a Ключевые слова Великая Отечественная война
a Ключевые слова Государство
a Ключевые слова German Historiography
773 18 w Контрольный № источника e64ed2047ed7497b9d8e9020805b2ef1
t Название источника Вторая мировая и Великая Отечественная: к 75-летию окончания
d Место и дата издания Москва ; Санкт-Петербург : Центр гуманитарных инициатив, 2021
g Прочая информация С. 70-77
901 t Тип документа a
920 a Оператор Кома
954 b Дата поступления в ОК 20250526